<?xml version="1.0" encoding="UTF-8"?><?xml-stylesheet type="text/xsl" href="static/style.xsl"?><OAI-PMH xmlns="http://www.openarchives.org/OAI/2.0/" xmlns:xsi="http://www.w3.org/2001/XMLSchema-instance" xsi:schemaLocation="http://www.openarchives.org/OAI/2.0/ http://www.openarchives.org/OAI/2.0/OAI-PMH.xsd"><responseDate>2026-06-07T19:00:08Z</responseDate><request verb="GetRecord" identifier="oai:docta.ucm.es:20.500.14352/94097" metadataPrefix="marc">https://docta.ucm.es/rest/oai/request</request><GetRecord><record><header><identifier>oai:docta.ucm.es:20.500.14352/94097</identifier><datestamp>2025-03-18T13:24:52Z</datestamp><setSpec>com_20.500.14352_14</setSpec><setSpec>col_20.500.14352_15</setSpec></header><metadata><record xmlns="http://www.loc.gov/MARC21/slim" xmlns:dcterms="http://purl.org/dc/terms/" xmlns:xsi="http://www.w3.org/2001/XMLSchema-instance" xmlns:doc="http://www.lyncode.com/xoai" xsi:schemaLocation="http://www.loc.gov/MARC21/slim http://www.loc.gov/standards/marcxml/schema/MARC21slim.xsd">
   <leader>00925njm 22002777a 4500</leader>
   <datafield ind2=" " ind1=" " tag="042">
      <subfield code="a">dc</subfield>
   </datafield>
   <datafield ind2=" " ind1=" " tag="720">
      <subfield code="a">Luján Martínez, Eugenio Ramón</subfield>
      <subfield code="e">author</subfield>
   </datafield>
   <datafield ind2=" " ind1=" " tag="260">
      <subfield code="c">2023-03-30</subfield>
   </datafield>
   <datafield ind2=" " ind1=" " tag="520">
      <subfield code="a">RESUMEN: En este trabajo se explora la posibilidad de aplicar los métodos de la etnografía de la comunicación al estudio de las lenguas paleohispánicas, a pesar de que se trata de lenguas de testimonio fragmentario y con un corpus muy limitado de textos. A tal fin se desarrollan, en perspectiva comparada, cuatro casos de estudio centrados en la comunicación mediante carta, las inscripciones funerarias, las téseras de hospitalidad y el lusitano como lengua de uso religioso y ritual.</subfield>
   </datafield>
   <datafield ind2=" " ind1=" " tag="520">
      <subfield code="a">ABSTRACT: This paper explores the possibility of applying the methodologies of the ethnography of communication to the study of the Palaeohispanic languages, despite their being fragmentary languages with only a very limited, small corpus of texts. For that purpose, we carry out four case studies in a comparative perspective, focusing on letter-mediated communication, funerary inscriptions, tesserae hospitales, and Lusitanian as a ritual language.</subfield>
   </datafield>
   <datafield ind1="8" ind2=" " tag="024">
      <subfield code="a">Luján, Eugenio R. (2023), «Elementos para una etnografía de la comunicación en las lenguas paleohispánicas», Veleia, 40, 19-35. (https://doi.org/10.1387/veleia.24248).</subfield>
   </datafield>
   <datafield ind1="8" ind2=" " tag="024">
      <subfield code="a">0213-2095</subfield>
   </datafield>
   <datafield ind1="8" ind2=" " tag="024">
      <subfield code="a">10.1387/veleia.24248</subfield>
   </datafield>
   <datafield ind1="8" ind2=" " tag="024">
      <subfield code="a">https://hdl.handle.net/20.500.14352/94097</subfield>
   </datafield>
   <datafield ind1="8" ind2=" " tag="024">
      <subfield code="a">2444-3565</subfield>
   </datafield>
   <datafield ind1="8" ind2=" " tag="024">
      <subfield code="a">https://doi.org/10.1387/veleia.24248</subfield>
   </datafield>
   <datafield ind1="8" ind2=" " tag="024">
      <subfield code="a">https://ojs.ehu.eus/index.php/Veleia/</subfield>
   </datafield>
   <datafield ind1="8" ind2=" " tag="024">
      <subfield code="a">https://ojs.ehu.eus/</subfield>
   </datafield>
   <datafield ind1="8" ind2=" " tag="024">
      <subfield code="a">https://www.ehu.eus/es/web/argitalpen-zerbitzua/home</subfield>
   </datafield>
   <datafield ind2="0" ind1="0" tag="245">
      <subfield code="a">Elementos para una etnografía de la comunicación en las lenguas paleohispánicas</subfield>
   </datafield>
</record></metadata></record></GetRecord></OAI-PMH>